Why Don't These Rhyme?! #3 - Statistics

General Stats
  • This quiz has been taken 439 times
  • The average score is 18 of 24
Answer Stats
Hint Answer % Correct
Sofa Couch
94%
Toot car horn Honk
90%
Monastery man Monk
89%
Feel Touch
89%
Dueling weapon Sword
87%
Ladies Women
85%
Large feline Tiger
83%
Sentence unit Word
82%
Black Beauty Horse
81%
Portion of a day Hour
80%
Sightseeing trip Tour
79%
Compass point South
78%
Libya neighbour Niger
77%
One's early years Youth
77%
Vegetable plot Garden
75%
Prison chief Warden
75%
Of the sun Solar
72%
Better antonym Worse
70%
Warning sign Omen
67%
Ph.D. recipient Scholar
58%
Math proportion Ratio
45%
Do not allow Forbid
44%
Veranda Patio
44%
Gruesome, grisly Morbid
39%
No matching quizzes found
Score Distribution
Percent of People with Each Score
Percentile by Number Answered
Your Score History
You have not taken this quiz